[Event "Weekend Vitinia"]
[Site "Roma ITA"]
[Date "1996.11.??"]
[Round "?"]
[White "Gardon, Ermanno"]
[Black "Simeone, Giulio"]
[Result "0-1"]
[WhiteElo "1683"]
[BlackElo "1714"]
[PlyCount "53"]
[EventDate "1996.11.17"]

1. e4 c6 2. c4 d6 3. Nf3 Nf6 4. Nc3 Bg4 5. Be2 e5 6. d4 Qc7 7. O-O Be7 8. Be3
Nbd7 9. Ne1 Bxe2 10. Qxe2 O-O 11. f4 exf4 12. Bxf4 Qb6 13. Nf3 Rfe8 14. Qf2 Bf8
15. Rae1 c5 16. e5 cxd4 17. Na4 Qc6 18. exf6 Qxa4 19. fxg7 Bxg7 20. b3 Qb4 21.
Nxd4 Rxe1 22. Rxe1 Bxd4 23. Be3 Re8 24. Qg3+ Kf8 25. h4 Bxe3+ 26. Rxe3 Rxe3 27.
Qxe3 0-1

[Event "Weekend Vitinia"]
[Site "Roma ITA"]
[Date "1996.11.??"]
[Round "?"]
[White "Ianniello, Riccardo"]
[Black "Attanasi, Salvatore"]
[Result "1-0"]
[WhiteElo "2335"]
[BlackElo "1705"]
[PlyCount "101"]
[EventDate "1996.11.17"]

1. e4 e6 2. Nf3 d5 3. e5 c5 4. c3 Bd7 5. d4 Nc6 6. dxc5 Bxc5 7. Bd3 Nh6 8. O-O
O-O 9. Bxh6 gxh6 10. Qd2 Kg7 11. Qc2 f5 12. Nbd2 Kh8 13. Nb3 Bb6 14. Qd2 Rg8
15. Qxh6 Rg6 16. Qh3 Qe7 17. g3 Qg7 18. Rae1 Rg8 19. Qg2 Rh6 20. Nbd4 Bxd4 21.
cxd4 Nb4 22. Be2 Be8 23. a3 Nc6 24. Bb5 Bh5 25. Bxc6 bxc6 26. Rc1 Bg4 27. Rfd1
Bh3 28. Qh1 f4 29. Rxc6 Bf5 30. Rc3 Be4 31. Qg2 Qg4 32. Rdc1 fxg3 33. fxg3 Bxf3
34. Qxf3 Qxd4+ 35. Qe3 Qxe3+ 36. Rxe3 Rhg6 37. Rc7 R6g7 38. Rc6 Rg6 39. b4 Rf8
40. Kg2 Rf5 41. h4 h5 42. b5 Kg7 43. Rc7+ Rf7 44. Rxf7+ Kxf7 45. Rc3 Kf8 46.
Rc8+ Ke7 47. Rc7+ Kd8 48. Rxa7 Kc8 49. Ra6 Kb7 50. Rd6 Rg4 51. Rxe6 1-0

[Event "Weekend Vitinia"]
[Site "Roma ITA"]
[Date "1996.11.??"]
[Round "?"]
[White "Ianniello, Riccardo"]
[Black "Di Lascio, Savino"]
[Result "1-0"]
[WhiteElo "2335"]
[BlackElo "1927"]
[PlyCount "77"]
[EventDate "1996.11.17"]

1. e4 c6 2. Nf3 d5 3. e5 Bf5 4. Nh4 e6 5. Nxf5 exf5 6. d4 Qb6 7. c3 Na6 8. Bd3
g6 9. O-O Nc7 10. Nd2 Bh6 11. f4 Ne6 12. Nb3 a5 13. a4 Bg7 14. Be3 h5 15. Rf2
Nh6 16. h3 Qd8 17. Nd2 Bf8 18. Nf3 Be7 19. Qd2 Ng4 20. hxg4 hxg4 21. Ng5 Bxg5
22. fxg5 Rh5 23. g3 Kd7 24. Rh2 Rxh2 25. Kxh2 Qh8+ 26. Kg1 Ng7 27. c4 Nh5 28.
Qg2 Ke6 29. Rc1 Qd8 30. Rc3 Qd7 31. cxd5+ cxd5 32. Bb5 Qd8 33. Qf2 Qb6 34. Kg2
Rh8 35. Qc2 Nxg3 36. Kxg3 Rh3+ 37. Kg2 Qd8 38. Rc6+ bxc6 39. Qxc6+ 1-0

[Event "Weekend Vitinia"]
[Site "Roma ITA"]
[Date "1996.11.??"]
[Round "?"]
[White "Ianniello, Riccardo"]
[Black "Ludovici, Roberto"]
[Result "1-0"]
[WhiteElo "2335"]
[BlackElo "1728"]
[PlyCount "33"]
[EventDate "1996.11.17"]

1. e4 e5 2. Nf3 Nf6 3. Nc3 Nc6 4. Bb5 Bc5 5. O-O d6 6. d4 exd4 7. Nxd4 Bd7 8.
Nb3 Bb4 9. Nd5 Nxd5 10. exd5 Ne5 11. Bxd7+ Qxd7 12. c3 Bc5 13. Nxc5 dxc5 14.
Re1 f6 15. f4 O-O-O 16. fxe5 Rhe8 17. c4 1-0

[Event "Weekend Vitinia"]
[Site "Roma ITA"]
[Date "1996.11.??"]
[Round "?"]
[White "Ianniello, Riccardo"]
[Black "Papetti, Francesco"]
[Result "1/2-1/2"]
[WhiteElo "2335"]
[BlackElo "1816"]
[PlyCount "74"]
[EventDate "1996.11.17"]

1. e4 d6 2. Bc4 Nf6 3. Qe2 c5 4. Nf3 Bg4 5. e5 Bxf3 6. Qxf3 dxe5 7. Qxb7 Nbd7
8. Nc3 Qc8 9. Qxc8+ Rxc8 10. d3 e6 11. O-O Bd6 12. Ne4 Bb8 13. Ba6 Rc6 14. Bb5
Rb6 15. Nxf6+ gxf6 16. a4 Bd6 17. b3 Ke7 18. Bd2 f5 19. Rfe1 f4 20. Bc4 h5 21.
a5 Rbb8 22. Bxf4 exf4 23. Re2 Rbg8 24. Kh1 f3 25. gxf3 Rh6 26. Bd5 Rhg6 27. Be4
Rg5 28. f4 Bxf4 29. Bb7 Nf6 30. Rae1 Kd6 31. Bf3 h4 32. h3 Be5 33. Rf1 Bd4 34.
Bb7 Nd5 35. Re4 Rg2 36. c4 Be5 37. f4 Nxf4 1/2-1/2

[Event "Weekend Vitinia"]
[Site "Roma ITA"]
[Date "1996.11.??"]
[Round "?"]
[White "Laudati, Adriano"]
[Black "Di Lascio, Savino"]
[Result "1-0"]
[WhiteElo "1852"]
[BlackElo "1927"]
[PlyCount "83"]
[EventDate "1996.11.17"]

1. e4 c6 2. d4 d5 3. e5 Bf5 4. Ne2 e6 5. Ng3 Bg6 6. h4 h6 7. h5 Bh7 8. Bd3 Bxd3
9. Qxd3 Qa5+ 10. c3 Qa6 11. Qxa6 Nxa6 12. O-O c5 13. Be3 cxd4 14. Bxd4 Bc5 15.
Nd2 Ne7 16. Bxc5 Nxc5 17. f4 Rc8 18. Rf3 g6 19. Nb3 Nxb3 20. axb3 a6 21. Ra4
Kd7 22. Rd4 Nc6 23. Rd1 Ke7 24. hxg6 fxg6 25. Ne2 Rcd8 26. Nd4 Nxd4 27. Rxd4
Rd7 28. Kf2 Rc8 29. Rh3 Rh8 30. Ke3 Kd8 31. Kd2 Kc7 32. Rhd3 b6 33. c4 Rhd8 34.
cxd5 Rxd5 35. Rxd5 Rxd5 36. Rxd5 exd5 37. Kd3 a5 38. Kd4 Kc6 39. g4 b5 40. f5
gxf5 41. gxf5 h5 42. f6 1-0

[Event "Weekend Vitinia"]
[Site "Roma ITA"]
[Date "1996.11.??"]
[Round "?"]
[White "Laudati, Adriano"]
[Black "Lepri, Livio"]
[Result "1-0"]
[WhiteElo "1852"]
[BlackElo "1999"]
[PlyCount "53"]
[EventDate "1996.11.17"]

1. e4 Nf6 2. Nc3 d5 3. d4 dxe4 4. f3 e3 5. Bxe3 Bf5 6. Bc4 e6 7. Qd2 c6 8. Nge2
Qc7 9. g4 Bg6 10. h4 h5 11. Nf4 hxg4 12. O-O-O Bf5 13. d5 cxd5 14. Bxd5 Nc6 15.
Bb3 Bb4 16. Qf2 Bxc3 17. bxc3 gxf3 18. Rhg1 Ng4 19. Qxf3 Nxe3 20. Qxe3 Rxh4 21.
Rxg7 Ne7 22. Nd5 Qa5 23. Nxe7 Qa3+ 24. Kb1 Bh7 25. Nd5 Kf8 26. Qg5 Rh2 27. Rf1
1-0

[Event "Weekend Vitinia"]
[Site "Roma ITA"]
[Date "1996.11.??"]
[Round "?"]
[White "Laudati, Adriano"]
[Black "Marzano, Carlo"]
[Result "1/2-1/2"]
[WhiteElo "1852"]
[BlackElo "2165"]
[PlyCount "48"]
[EventDate "1996.11.17"]

1. e4 e6 2. d4 d5 3. Nc3 Nf6 4. Bg5 dxe4 5. Nxe4 Be7 6. Bxf6 gxf6 7. Nf3 b6 8.
Bd3 Bb7 9. Qd2 Nd7 10. O-O-O c6 11. Qh6 Bf8 12. Qf4 h5 13. Nd6+ Bxd6 14. Qxd6
Qe7 15. Qc7 Nf8 16. Qg3 O-O-O 17. Rhe1 Nd7 18. Qh4 Qf8 19. Kb1 Qh6 20. g3 Rhg8
21. Qe4 c5 22. Qe2 cxd4 23. Nxd4 Nc5 24. Bb5 Rd6 1/2-1/2

[Event "Weekend Vitinia"]
[Site "Roma ITA"]
[Date "1996.11.??"]
[Round "?"]
[White "Laudati, Adriano"]
[Black "Pezzaldi, Roberto"]
[Result "0-1"]
[WhiteElo "1852"]
[BlackElo "2001"]
[PlyCount "34"]
[EventDate "1996.11.17"]

1. e4 e6 2. d4 d5 3. Nc3 Bb4 4. a3 Bxc3+ 5. bxc3 dxe4 6. f3 Bd7 7. g3 Bc6 8.
fxe4 Bxe4 9. Nf3 Qd5 10. Be2 Nf6 11. O-O O-O 12. Ne5 Nc6 13. Bc4 Qd8 14. Qe2
Nxd4 15. Qf2 Nc6 16. Nxc6 Bxc6 17. Bd3 Qd5 0-1

[Event "Weekend Vitinia"]
[Site "Roma ITA"]
[Date "1996.11.??"]
[Round "?"]
[White "Lepri, Livio"]
[Black "Colombrini, Adolfo"]
[Result "1-0"]
[WhiteElo "1999"]
[BlackElo "1659"]
[PlyCount "69"]
[EventDate "1996.11.17"]

1. c4 e5 2. Nc3 d6 3. g3 f5 4. Nf3 Nf6 5. d4 e4 6. Ng5 h6 7. Nh3 g5 8. Bg2 c6
9. d5 c5 10. f4 exf3 11. exf3 Kf7 12. O-O Bg7 13. Nf2 Nbd7 14. f4 g4 15. Qc2
Nb6 16. b3 a6 17. Re1 Re8 18. Bb2 Bd7 19. Bf1 Kg6 20. Bd3 Re7 21. Re2 Qf8 22.
Rae1 Rae8 23. Ncd1 Rxe2 24. Rxe2 Rxe2 25. Qxe2 Qe8 26. Qxe8+ Bxe8 27. Ne3 Bd7
28. Ng2 Ne4 29. Nxe4 Bxb2 30. Nxd6 a5 31. Nxb7 a4 32. Kf1 axb3 33. axb3 Bd4 34.
Nh4+ Kf6 35. Nd6 1-0

[Event "Weekend Vitinia"]
[Site "Roma ITA"]
[Date "1996.11.??"]
[Round "?"]
[White "Lepri, Livio"]
[Black "Galeno, Giorgio"]
[Result "0-1"]
[WhiteElo "1999"]
[BlackElo "1725"]
[PlyCount "64"]
[EventDate "1996.11.17"]

1. c4 e5 2. Nc3 d6 3. g3 f5 4. Bg2 Nf6 5. d4 Be7 6. dxe5 dxe5 7. Qc2 c6 8. Bd2
Be6 9. O-O-O Qc7 10. b3 a5 11. Nf3 O-O 12. Ng5 Bd7 13. Be3 h6 14. Nh3 Ng4 15.
Bd2 Na6 16. Kb2 Rab8 17. f3 Nb4 18. Qb1 Nf6 19. Be3 b5 20. cxb5 cxb5 21. Rc1
Qb7 22. Nf2 a4 23. Nd3 axb3 24. Nxb4 Bxb4 25. axb3 Ra8 26. Kc2 Be6 27. Kd1
Rfd8+ 28. Ke1 Ra3 29. Kf2 Rxb3 30. Qa1 Ra8 31. Na2 Rxe3 32. Kxe3 Qb6+ 0-1

[Event "Weekend Vitinia"]
[Site "Roma ITA"]
[Date "1996.11.??"]
[Round "?"]
[White "Lepri, Livio"]
[Black "Marta, Daniele"]
[Result "1/2-1/2"]
[WhiteElo "1999"]
[BlackElo "1807"]
[PlyCount "118"]
[EventDate "1996.11.17"]

1. c4 Nf6 2. Nc3 g6 3. g3 Bg7 4. Bg2 O-O 5. Nf3 d6 6. d4 c6 7. O-O Nbd7 8. e4
e5 9. b3 Qc7 10. Ba3 Re8 11. dxe5 dxe5 12. Bd6 Qa5 13. b4 Qd8 14. Qb3 Bf8 15.
Rad1 Re6 16. c5 Bxd6 17. Bh3 Be7 18. Ng5 Qf8 19. Nxe6 fxe6 20. Bxe6+ Kg7 21.
Rd2 a5 22. Qa3 Ra6 23. Rfd1 axb4 24. Qxb4 Bxc5 25. Qb1 Rb6 26. Qc2 Bd4 27. Na4
Rb4 28. Nc3 Qc5 29. a3 Rb6 30. Rc1 Qxc3 31. Qxc3 Bxc3 32. Rxc3 Kf8 33. f3 Ke7
34. Bh3 c5 35. Kf2 Rd6 36. Ke3 Rxd2 37. Kxd2 b6 38. Bf1 Bb7 39. Rb3 Kd6 40. a4
Kc7 41. Bb5 Nb8 42. Ke3 Nc6 43. Bd3 Nd4 44. Rb2 Bc6 45. Ra2 Ne8 46. f4 exf4+
47. gxf4 Nd6 48. a5 b5 49. a6 Kb6 50. h4 Ne6 51. f5 gxf5 52. exf5 Nc7 53. Kf4
Nxa6 54. Ke5 Nf7+ 55. Ke6 Nb4 56. Rd2 Bd5+ 57. Kf6 c4 58. Bb1 Nd6 59. Kg7 c3
1/2-1/2

[Event "Weekend Vitinia"]
[Site "Roma ITA"]
[Date "1996.11.??"]
[Round "?"]
[White "Lepri, Livio"]
[Black "Trebeschi, Andrea"]
[Result "0-1"]
[WhiteElo "1999"]
[BlackElo "1699"]
[PlyCount "136"]
[EventDate "1996.11.17"]

1. Nf3 Nf6 2. g3 g6 3. Bg2 Bg7 4. O-O O-O 5. c4 d6 6. Nc3 c6 7. d3 Bg4 8. Rb1
Nbd7 9. b4 a6 10. h3 Bxf3 11. Bxf3 Ne5 12. Bg2 e6 13. Qc2 d5 14. c5 Ned7 15. e4
h6 16. Bd2 Nh7 17. Ne2 Qc7 18. Bc3 Bxc3 19. Qxc3 Qe5 20. Qxe5 Nxe5 21. f4 Nd7
22. Rfc1 Nhf6 23. a4 Rfd8 24. e5 Ne8 25. d4 Nc7 26. Bf1 Kf8 27. Nc3 Ke7 28. Kf2
Rdb8 29. Ke3 Kf8 30. Rc2 Ke7 31. Ra2 Kd8 32. Rba1 Ke7 33. b5 a5 34. Rb2 Kd8 35.
Rab1 Kc8 36. Na2 Kd8 37. Nc1 Kc8 38. Bd3 Kd8 39. bxc6 bxc6 40. Rxb8+ Nxb8 41.
Rb6 Kc8 42. g4 Ne8 43. Nb3 Kc7 44. Nd2 Ng7 45. Nf3 Kc8 46. Nh4 Kc7 47. f5 gxf5
48. gxf5 exf5 49. Nxf5 Nxf5+ 50. Bxf5 Ra7 51. Kf4 Nd7 52. Kg4 Nxb6 53. cxb6+
Kxb6 54. Kh5 c5 55. dxc5+ Kxc5 56. Kxh6 Re7 57. Kg5 Rxe5 58. Kf6 Re1 59. Kxf7
d4 60. Kg6 Kb4 61. h4 Kxa4 62. h5 Kb3 63. h6 Rh1 64. Bg4 d3 65. h7 d2 66. Bd1+
Kb4 67. Bc2 a4 68. Kg5 Rxh7 0-1

[Event "Weekend Vitinia"]
[Site "Roma ITA"]
[Date "1996.11.??"]
[Round "?"]
[White "Ludovici, Roberto"]
[Black "Del Castello, Lucio"]
[Result "1-0"]
[WhiteElo "1728"]
[BlackElo "1594"]
[PlyCount "109"]
[EventDate "1996.11.17"]

1. e4 e5 2. Nf3 Nc6 3. d4 exd4 4. Nxd4 Bc5 5. Be3 Qf6 6. c3 Nge7 7. Qd2 h6 8.
a4 a6 9. Be2 d6 10. b4 Ba7 11. f3 O-O 12. Na3 Bd7 13. O-O Rfe8 14. b5 Nxd4 15.
cxd4 Nd5 16. Bf2 Nf4 17. Bc4 Be6 18. Kh1 Bxc4 19. Nxc4 Ne6 20. Rfd1 Red8 21.
Rab1 d5 22. e5 Qg6 23. Na3 Rab8 24. h3 Ra8 25. bxa6 bxa6 26. Rbc1 Rab8 27. Rb1
Ra8 28. a5 c5 29. dxc5 Nxc5 30. Nc2 Rac8 31. Nd4 Rb8 32. Rxb8 Rxb8 33. Bg1 Rb1
34. Ne2 Nb3 35. Qxd5 Bxg1 36. Kxg1 Qc2 37. Rxb1 Qxb1+ 38. Kh2 Qb2 39. Ng3 Nd4
40. f4 Qd2 41. f5 Qf4 42. f6 Nf5 43. Qf3 Qxg3+ 44. Qxg3 Nxg3 45. Kxg3 gxf6 46.
Kf4 Kg7 47. Kf5 fxe5 48. Kxe5 f6+ 49. Kd6 Kf7 50. Kc6 Ke6 51. Kb6 Kd7 52. Kxa6
Kc8 53. Kb6 Kb8 54. Kc6 f5 55. Kd5 1-0

[Event "Weekend Vitinia"]
[Site "Roma ITA"]
[Date "1996.11.??"]
[Round "?"]
[White "Ludovici, Roberto"]
[Black "Farina, Saverio"]
[Result "0-1"]
[WhiteElo "1728"]
[BlackElo "2210"]
[PlyCount "36"]
[EventDate "1996.11.17"]

1. e4 e6 2. d4 d5 3. Nd2 c5 4. exd5 exd5 5. dxc5 Bxc5 6. Nb3 Bb6 7. Nf3 Nc6 8.
Be2 Nf6 9. O-O O-O 10. Bg5 Re8 11. Re1 Bxf2+ 12. Kxf2 Ne4+ 13. Kf1 Nxg5 14. Bd3
Bg4 15. Be2 Qf6 16. c3 Ne5 17. Qd4 Bxf3 18. Bxf3 Ngxf3 0-1

[Event "Weekend Vitinia"]
[Site "Roma ITA"]
[Date "1996.11.??"]
[Round "?"]
[White "Ludovici, Roberto"]
[Black "Piccioni, Marco"]
[Result "1-0"]
[WhiteElo "1728"]
[BlackElo "1537"]
[PlyCount "75"]
[EventDate "1996.11.17"]

1. e4 e5 2. Nf3 Nc6 3. d4 exd4 4. Bc4 Nf6 5. O-O d5 6. exd5 Nxd5 7. Nxd4 Be7 8.
Nxc6 bxc6 9. Qf3 O-O 10. Nc3 Bb7 11. Rd1 Re8 12. h3 Bd6 13. Nxd5 cxd5 14. Bd3
c6 15. Bf4 Qc7 16. Bxd6 Qxd6 17. g3 Rac8 18. Re1 Ba8 19. Kh2 c5 20. Bb5 d4 21.
Qg4 Qd5 22. Rg1 Bc6 23. Bxc6 Qxc6 24. b3 Re4 25. Qf3 Qg6 26. Kg2 Rce8 27. Rge1
f5 28. Rxe4 fxe4 29. Qe2 e3 30. Qc4+ Kh8 31. f3 Qc6 32. Qe2 h6 33. h4 a6 34. a4
Qb6 35. Re1 Qb4 36. Kf1 Rf8 37. Kg2 Re8 38. Rd1 $139 1-0

[Event "Weekend Vitinia"]
[Site "Roma ITA"]
[Date "1996.11.??"]
[Round "?"]
[White "Marta, Daniele"]
[Black "Abuhamdieh, Arafat"]
[Result "1-0"]
[WhiteElo "1807"]
[BlackElo "1420"]
[PlyCount "71"]
[EventDate "1996.11.17"]

1. d4 Nf6 2. c4 d6 3. Nc3 g6 4. e4 Bg7 5. Nf3 Bg4 6. Be2 O-O 7. O-O Ne8 8. h3
Bxf3 9. Bxf3 c6 10. g3 e5 11. d5 c5 12. Bg2 Nd7 13. a3 Nb6 14. Qd3 Qd7 15. f4
f5 16. Rb1 Rc8 17. Kh2 Qe7 18. Be3 exf4 19. Bxf4 Be5 20. exf5 Bxf4 21. Rxf4 Qe5
22. Rbf1 Qg7 23. fxg6 Rxf4 24. gxh7+ Qxh7 25. Qxh7+ Kxh7 26. Rxf4 Kg7 27. Bf1
Nf6 28. Nb5 Rd8 29. Nxa7 Na4 30. Rf2 Nd7 31. Nb5 Ne5 32. b3 Nb6 33. Nc7 Rd7 34.
Ne6+ Kh6 35. Rf6+ Kh5 36. Be2+ 1-0

[Event "Weekend Vitinia"]
[Site "Roma ITA"]
[Date "1996.11.??"]
[Round "?"]
[White "Marta, Daniele"]
[Black "Rotondi, Paolo"]
[Result "1-0"]
[WhiteElo "1807"]
[BlackElo "1660"]
[PlyCount "73"]
[EventDate "1996.11.17"]

1. e4 c6 2. d4 d5 3. Nd2 dxe4 4. Nxe4 Nf6 5. Nxf6+ gxf6 6. c3 Bf5 7. Bf4 e6 8.
Nf3 Bd6 9. Qd2 Qc7 10. Bh6 Nd7 11. Bc4 O-O-O 12. O-O-O Rhg8 13. g3 Be4 14. Qe2
f5 15. Rhe1 Rg6 16. Be3 f4 17. Bd2 Bd5 18. Bxd5 cxd5 19. Ne5 Bxe5 20. dxe5 fxg3
21. hxg3 Kb8 22. Bf4 Nc5 23. Kb1 Ne4 24. Rd4 Qb6 25. Ka1 Rc8 26. Rh1 Rc7 27.
Rxh7 Rg8 28. Be3 Qa5 29. Qc2 Rgc8 30. Ra4 Rxc3 31. bxc3 Qb5 32. Bxa7+ Ka8 33.
Bd4+ Kb8 34. Rxf7 Nxc3 35. Bxc3 Rxc3 36. Qxc3 Qxa4 37. Qc7+ 1-0

[Event "Weekend Vitinia"]
[Site "Roma ITA"]
[Date "1996.11.??"]
[Round "?"]
[White "Marta, Daniele"]
[Black "Vannelli, Vittorio"]
[Result "0-1"]
[WhiteElo "1807"]
[BlackElo "1567"]
[PlyCount "74"]
[EventDate "1996.11.17"]

1. Nf3 d6 2. d4 Nf6 3. c4 c6 4. Nc3 Nbd7 5. e4 e5 6. Be2 Be7 7. O-O O-O 8. d5
cxd5 9. cxd5 Nc5 10. Nd2 a5 11. a4 Nfd7 12. Nc4 f5 13. f3 fxe4 14. fxe4 Rxf1+
15. Bxf1 Nf6 16. Qc2 Bd7 17. Be3 Qc7 18. h3 Rf8 19. Be2 Nxa4 20. Nxa4 b5 21.
Bb6 Qc8 22. Bxa5 bxa4 23. Rc1 Qc5+ 24. Kh2 Qf2 25. Bf3 Qh4 26. Be1 Qf4+ 27. Bg3
Qh6 28. Nb6 Bg4 29. Rf1 Bxf3 30. gxf3 Ng4+ 31. fxg4 Rxf1 32. Nxa4 Qe3 33. Qg2
Rd1 34. Bf2 Qb3 35. Nc3 Rd2 36. Qf3 Bh4 37. Nd1 Qxf3 0-1

[Event "Weekend Vitinia"]
[Site "Roma ITA"]
[Date "1996.11.??"]
[Round "?"]
[White "Marta, Daniele"]
[Black "Vigile, Matteo"]
[Result "1-0"]
[WhiteElo "1807"]
[BlackElo "1567"]
[PlyCount "101"]
[EventDate "1996.11.17"]

1. e4 e5 2. Nf3 Nc6 3. Bb5 a6 4. Ba4 Nf6 5. O-O Be7 6. Re1 b5 7. Bb3 d6 8. c3
Na5 9. Bc2 c5 10. d4 Qc7 11. h3 O-O 12. Nbd2 Re8 13. Nf1 Bb7 14. d5 Bc8 15. Ng3
Nb7 16. Be3 c4 17. Qd2 Nc5 18. Rad1 Rf8 19. Nxe5 dxe5 20. d6 Bxd6 21. Qxd6 Qxd6
22. Rxd6 Ncd7 23. Red1 Re8 24. f3 Re7 25. Kf2 Nf8 26. Rd8 Rd7 27. Nf5 g6 28.
Bh6 Rxd8 29. Ne7+ Kh8 30. Rxd8 Bb7 31. Rxf8+ Rxf8 32. Bxf8 h5 33. Bh6 Nh7 34.
Be3 g5 35. a4 Kg7 36. Nf5+ Kg6 37. Nd6 Bc6 38. axb5 axb5 39. b3 g4 40. bxc4
gxh3 41. gxh3 bxc4 42. Nxc4 f6 43. Na5 Bd7 44. h4 Nf8 45. c4 Ne6 46. c5 Nd8 47.
Bb3 f5 48. Bg5 Ne6 49. c6 Bc8 50. Bxe6 Bxe6 51. c7 1-0

[Event "Weekend Vitinia"]
[Site "Roma ITA"]
[Date "1996.11.??"]
[Round "?"]
[White "Marzano, Carlo"]
[Black "Farina, Saverio"]
[Result "1-0"]
[WhiteElo "2165"]
[BlackElo "2210"]
[PlyCount "45"]
[EventDate "1996.11.17"]

1. d4 d5 2. Nf3 c5 3. c3 Nc6 4. e3 Nf6 5. Bd3 Bg4 6. Nbd2 e6 7. O-O Bd6 8. h3
Bh5 9. Qe2 O-O 10. Re1 e5 11. dxc5 Bxc5 12. e4 Qc7 13. exd5 Nxd5 14. Bxh7+ Kxh7
15. Ng5+ Kh6 16. Qe4 Nf6 17. Qh4 Ne7 18. Nde4 Nf5 19. Ne6+ Kh7 20. Nxf6+ gxf6
21. Qxh5+ Kg8 22. Qg4+ Kh8 23. Nxc7 1-0

[Event "Weekend Vitinia"]
[Site "Roma ITA"]
[Date "1996.11.??"]
[Round "?"]
[White "Marzano, Carlo"]
[Black "Galeno, Giorgio"]
[Result "1-0"]
[WhiteElo "2165"]
[BlackElo "1725"]
[PlyCount "76"]
[EventDate "1996.11.17"]

1. d4 Nf6 2. Nf3 d5 3. Bg5 Nbd7 4. e3 e6 5. Nbd2 Be7 6. Bd3 b6 7. c3 Bb7 8. Qb1
h6 9. Bh4 Rc8 10. b4 a6 11. O-O O-O 12. a4 Ng4 13. Bxe7 Qxe7 14. a5 b5 15. h3
Ngf6 16. Re1 Qd6 17. e4 dxe4 18. Nxe4 Nxe4 19. Bxe4 Bxe4 20. Qxe4 Nf6 21. Qh4
Nd5 22. Rac1 Qf4 23. Qxf4 Nxf4 24. Rc2 Nd5 25. Ne5 Rfd8 26. Nd3 Rd6 27. Nc5 Ra8
28. g3 Ra7 29. Kf1 Rc6 30. Re5 Ra8 31. Ke2 Re8 32. f4 f5 33. Kd3 Kf7 34. Rf2 g5
35. fxg5 hxg5 36. g4 Rh8 37. gxf5 Rxh3+ 38. Kd2 Rg3 1-0

[Event "Weekend Vitinia"]
[Site "Roma ITA"]
[Date "1996.11.??"]
[Round "?"]
[White "Marzano, Carlo"]
[Black "Ragonese, Lucio Rosario"]
[Result "1/2-1/2"]
[WhiteElo "2165"]
[BlackElo "2052"]
[PlyCount "110"]
[EventDate "1996.11.17"]

1. d4 d5 2. Bg5 Nf6 3. e3 Nbd7 4. Nf3 c5 5. Nbd2 e6 6. c3 Qc7 7. Bd3 Bd6 8. O-O
Ng4 9. h3 Ngf6 10. Qe2 c4 11. Bc2 b5 12. e4 dxe4 13. Nxe4 Nxe4 14. Bxe4 Bb7 15.
Rfe1 O-O 16. Nd2 Rac8 17. Qh5 Bxe4 18. Nxe4 a6 19. Qh4 Rfe8 20. Re2 f6 21. Nxd6
Qxd6 22. Bf4 Qd5 23. Rae1 Nf8 24. Qg4 Rc6 25. Bg3 Ng6 26. a3 Kf7 27. Bf4 Rb6
28. Bh2 Rb7 29. Bf4 Rb6 30. Qg3 Nxf4 31. Qxf4 Qd6 32. Qg4 g6 33. Qf3 a5 34. Re5
Kg7 35. Rc5 Reb8 36. Qe4 Re8 37. f4 f5 38. Qe5+ Qxe5 39. Rexe5 b4 40. axb4 axb4
41. Rxc4 bxc3 42. bxc3 Kf6 43. Kf2 h6 44. Kf3 Ra8 45. Rc7 g5 46. Rh7 Kg6 47.
Rc7 Ra1 48. Re2 Rf1+ 49. Rf2 Rc1 50. Re2 Kf6 51. fxg5+ hxg5 52. Ke3 Rb3 53. Kd3
Rb6 54. Kc4 Rcb1 55. Kd3 R1b2 1/2-1/2

[Event "Weekend Vitinia"]
[Site "Roma ITA"]
[Date "1996.11.??"]
[Round "?"]
[White "Matano, Arturo"]
[Black "Moroni, Marco"]
[Result "0-1"]
[WhiteElo "1672"]
[BlackElo "1785"]
[PlyCount "83"]
[EventDate "1996.11.17"]

1. e4 e5 2. Nf3 Nf6 3. d4 Nxe4 4. Bd3 d5 5. Nxe5 Bd6 6. O-O O-O 7. c4 c6 8. Nc3
Nxc3 9. bxc3 Nd7 10. cxd5 Nxe5 11. dxe5 Bxe5 12. Bxh7+ Kxh7 13. Qh5+ Kg8 14.
Qxe5 Qxd5 15. Qg3 Qh5 16. Rb1 b6 17. Rb4 Bf5 18. Rh4 Qg6 19. Qxg6 Bxg6 20. Rd1
c5 21. Be3 Rfd8 22. Rc1 Rd3 23. Kf1 Rad8 24. Ke2 f6 25. Rg4 Bh5 26. f3 Bxg4 27.
fxg4 c4 28. Bd4 Re8+ 29. Kf2 Rd2+ 30. Kf3 Rxa2 31. h4 b5 32. g5 fxg5 33. hxg5
Rd8 34. Re1 b4 35. g6 bxc3 36. Re7 c2 37. Rxg7+ Kf8 38. Rf7+ Ke8 39. Bc5 Rd3+
40. Ke4 c1=Q 41. Rf8+ Kd7 42. g7 0-1

[Event "Weekend Vitinia"]
[Site "Roma ITA"]
[Date "1996.11.??"]
[Round "?"]
[White "Matano, Arturo"]
[Black "Quimi, Marco"]
[Result "0-1"]
[WhiteElo "1672"]
[BlackElo "2220"]
[PlyCount "38"]
[EventDate "1996.11.17"]

1. e4 c5 2. Nf3 d6 3. d4 cxd4 4. Nxd4 Nf6 5. Nc3 g6 6. Be3 Bg7 7. f3 O-O 8. Qd2
Nc6 9. Bc4 Bd7 10. h4 Rc8 11. O-O-O Nxd4 12. Qxd4 Ng4 13. Qd3 Nxe3 14. Qxe3
Rxc4 15. h5 Be6 16. hxg6 fxg6 17. Rh2 Rxc3 18. bxc3 Qa5 19. Kd2 Rc8 0-1

[Event "Weekend Vitinia"]
[Site "Roma ITA"]
[Date "1996.11.??"]
[Round "?"]
[White "Morisi, Eugenio"]
[Black "De Blasio, Alessandro"]
[Result "1/2-1/2"]
[WhiteElo "1729"]
[BlackElo "1609"]
[PlyCount "52"]
[EventDate "1996.11.17"]

1. e4 c5 2. c3 d5 3. exd5 Qxd5 4. d4 Nf6 5. Nf3 Bg4 6. Be2 e6 7. Na3 Nc6 8. Nb5
Rc8 9. Bf4 Qd7 10. Ne5 Nxe5 11. dxe5 Qxd1+ 12. Rxd1 Bxe2 13. Kxe2 Nd5 14. Bg3
a6 15. Nd6+ Bxd6 16. exd6 Rd8 17. Rhe1 O-O 18. c4 Nb6 19. b3 Rd7 20. Kf1 Nc8
21. a3 Rfd8 22. Bh4 f6 23. Rxe6 Kf7 24. Re3 Rxd6 25. Rxd6 Rxd6 26. Ke2 Re6
1/2-1/2

[Event "Weekend Vitinia"]
[Site "Roma ITA"]
[Date "1996.11.??"]
[Round "?"]
[White "Morisi, Eugenio"]
[Black "Lepri, Livio"]
[Result "1-0"]
[WhiteElo "1729"]
[BlackElo "1999"]
[PlyCount "87"]
[EventDate "1996.11.17"]

1. e4 Nf6 2. e5 Nd5 3. c4 Nb6 4. d4 d6 5. exd6 cxd6 6. Be3 g6 7. Nf3 Bg7 8. Be2
O-O 9. O-O Nc6 10. a3 Bg4 11. Nbd2 a5 12. Rc1 a4 13. b4 axb3 14. Qxb3 Na5 15.
Qb4 Nd7 16. h3 Bxf3 17. Bxf3 Qc7 18. Rb1 Rab8 19. c5 dxc5 20. dxc5 Nc6 21. Bxc6
bxc6 22. Qh4 Bf6 23. Qe4 Rb5 24. Rxb5 cxb5 25. Qb4 Qc6 26. Nf3 e5 27. Rb1 Rb8
28. Nd2 Be7 29. Nb3 Qd5 30. Rc1 Ra8 31. Rc3 Rb8 32. Qa5 Qc6 33. Rd3 Ra8 34. Qd2
Nxc5 35. Nxc5 Bxc5 36. Qc2 e4 37. Rc3 b4 38. Rxc5 Qd7 39. Qxe4 Rxa3 40. Qxb4
Rxe3 41. fxe3 Qd1+ 42. Kf2 Qd8 43. Qc3 Qh4+ 44. g3 1-0

[Event "Weekend Vitinia"]
[Site "Roma ITA"]
[Date "1996.11.??"]
[Round "?"]
[White "Morisi, Eugenio"]
[Black "Rotondi, Paolo"]
[Result "1/2-1/2"]
[WhiteElo "1729"]
[BlackElo "1660"]
[PlyCount "42"]
[EventDate "1996.11.17"]

1. e4 c6 2. c4 d5 3. exd5 cxd5 4. cxd5 Nf6 5. Bb5+ Nbd7 6. Nc3 a6 7. Qa4 g6 8.
Nf3 Rb8 9. Bxd7+ Bxd7 10. Qf4 Bg7 11. d4 O-O 12. O-O b5 13. a3 Bf5 14. Re1 Rb7
15. Qh4 Nxd5 16. Nxd5 Qxd5 17. Rxe7 Rxe7 18. Qxe7 Be4 19. Be3 Bxf3 20. gxf3
Qxf3 21. Qd6 h5 1/2-1/2

[Event "Weekend Vitinia"]
[Site "Roma ITA"]
[Date "1996.11.??"]
[Round "?"]
[White "Morisi, Eugenio"]
[Black "Vannelli, Vittorio"]
[Result "1-0"]
[WhiteElo "1729"]
[BlackElo "1567"]
[PlyCount "106"]
[EventDate "1996.11.17"]

1. e4 e5 2. Nf3 Nc6 3. Bb5 Nf6 4. O-O Nxe4 5. d4 Nd6 6. Bxc6 dxc6 7. dxe5 Nf5
8. Qxd8+ Kxd8 9. Nc3 Bd7 10. Bg5+ Ke8 11. Rad1 h6 12. Bc1 a5 13. Ne4 a4 14. a3
Ra5 15. Rd3 Be7 16. g4 Nh4 17. Nxh4 Bxh4 18. g5 Bxg5 19. Bxg5 hxg5 20. Rfd1 Rd5
21. Nxg5 Rh4 22. f3 Rxd3 23. Rxd3 Bf5 24. Rd2 Rh5 25. f4 Rh4 26. Rf2 Ke7 27.
Kg2 f6 28. exf6+ gxf6 29. Re2+ Kf8 30. Ne4 Kf7 31. Kg3 Rg4+ 32. Kf3 Rg1 33. Ng3
Be6 34. f5 Bd5+ 35. Kf4 Rg2 36. Rxg2 Bxg2 37. Ne4 Bxe4 38. Kxe4 Kg7 39. Kf4 b5
40. c3 Kh6 41. Kg4 c5 42. h3 c4 43. Kh4 c5 44. Kg4 b4 45. Kh4 Kh7 46. Kh5 Kg7
47. h4 Kh7 48. Kg4 Kh6 49. Kg3 Kh5 50. Kh3 Kh6 51. Kg4 Kg7 52. Kf4 Kh6 53. Ke4
Kh5 1-0